000 00360nam a2200133Ia 4500
008 130318s9999 xx 000 0 und d
020 _a849370582
082 _a681.2028558 XIA/S
100 _aXiao, Yang
245 _aSecurity in sensor networks
260 _bTaylor and Francis
_aBoca Raton
_c2007
300 _a341
650 _aSENSOR NETWORK-SECURITY MEASURES
999 _c2362
_d2362